<?xml version="1.0" encoding="UTF-8"?>
<record
    xmlns:xsi="http://www.w3.org/2001/XMLSchema-instance"
    xsi:schemaLocation="http://www.loc.gov/MARC21/slim http://www.loc.gov/standards/marcxml/schema/MARC21slim.xsd"
    xmlns="http://www.loc.gov/MARC21/slim">

  <leader>01377nab a2200241   4500</leader>
  <controlfield tag="003">AR-RoBPED</controlfield>
  <controlfield tag="005">20260422092416.0</controlfield>
  <controlfield tag="008">260422b        |||||||| |||| 00| 0 spa d</controlfield>
  <datafield tag="040" ind1=" " ind2=" ">
    <subfield code="a">AR-RoBPED</subfield>
  </datafield>
  <datafield tag="041" ind1=" " ind2=" ">
    <subfield code="a">spa</subfield>
  </datafield>
  <datafield tag="100" ind1="1" ind2=" ">
    <subfield code="a">Del&#xED;a, Estefan&#xED;a </subfield>
    <subfield code="9">30783</subfield>
    <subfield code="e">Profesora de Educaci&#xF3;n Inicial y bibliotecaria</subfield>
  </datafield>
  <datafield tag="245" ind1="1" ind2=" ">
    <subfield code="a">&#xBF;C&#xF3;mo organizar las bibliotecas en el Jard&#xED;n de infantes? /</subfield>
  </datafield>
  <datafield tag="260" ind1=" " ind2=" ">
    <subfield code="a">Buenos Aires :</subfield>
    <subfield code="b">Noveduc,</subfield>
    <subfield code="c">2024</subfield>
  </datafield>
  <datafield tag="300" ind1=" " ind2=" ">
    <subfield code="a">40-45 p.</subfield>
  </datafield>
  <datafield tag="500" ind1=" " ind2=" ">
    <subfield code="a">La autora destaca el rol de las bibliotecas de aula y escolares para la formaci&#xF3;n de lectores, se&#xF1;alando que diversas situaciones de lectura y escritura giran en torno a la biblioteca: propuestas de juego, exploraci&#xF3;n de libros y disfrute literario. Desde esta valoraci&#xF3;n, narra la implementaci&#xF3;n de un proyecto en el cual son centrales dos preguntas: 1) &#xBF;C&#xF3;mo clasificar los libros de forma correcta para un buen uso? y 2) &#xBF;C&#xF3;mo realizar el pr&#xE9;stamo de libros de manera funcional y &#xE1;gil para docentes y estudiantes? </subfield>
  </datafield>
  <datafield tag="650" ind1=" " ind2="0">
    <subfield code="a">JARDINES DE INFANTES</subfield>
    <subfield code="9">27376</subfield>
  </datafield>
  <datafield tag="650" ind1=" " ind2="7">
    <subfield code="a">FORMACION DE LECTORES</subfield>
    <subfield code="9">4197</subfield>
  </datafield>
  <datafield tag="650" ind1=" " ind2="7">
    <subfield code="a">BIBLIOTECAS ESCOLARES</subfield>
    <subfield code="9">1762</subfield>
  </datafield>
  <datafield tag="650" ind1=" " ind2="7">
    <subfield code="a">BIBLIOTECARIOS</subfield>
    <subfield code="9">3074</subfield>
  </datafield>
  <datafield tag="773" ind1="0" ind2=" ">
    <subfield code="0">20414</subfield>
    <subfield code="9">41862</subfield>
    <subfield code="d">Buenos Aires :  Noveduc,  1993-</subfield>
    <subfield code="t">Novedades Educativas</subfield>
    <subfield code="w">(AR-RoBPED)20414</subfield>
    <subfield code="x">03283534</subfield>
  </datafield>
  <datafield tag="942" ind1=" " ind2=" ">
    <subfield code="2">udc</subfield>
    <subfield code="c">REV</subfield>
    <subfield code="h">37(05)</subfield>
    <subfield code="m">Nov 86 N&#xB0; 399 (Nov.2024)</subfield>
    <subfield code="a">k.32593</subfield>
  </datafield>
  <datafield tag="945" ind1=" " ind2=" ">
    <subfield code="a">mar 04/2026</subfield>
  </datafield>
  <datafield tag="999" ind1=" " ind2=" ">
    <subfield code="c">32593</subfield>
    <subfield code="d">32593</subfield>
  </datafield>
</record>
